Statystyki dla Państwa graniczące z Peru

Kliknij tutaj aby rozwiązać quiz!

Ogólne statystyki

  • Ten quiz został rozwiązany 140 razy
  • Średni wynik to 4 z 5

Statystyki odpowiedzi

Państwo% Poprawnych
Brazylia
90%
Chile
84%
Ekwador
77%
Kolumbia
72%
Argentyna
56%

Rozkład punktacji

Percentyl według liczby udzielonych odpowiedzi

Procent ludzi z każdym wynikiem

Twoja historia wyników

Nie rozwiązałeś tego quizu